Dumb quiz about Mexico - Statistics

General Stats
  • This quiz has been taken 21 times
  • The average score is 6 of 8
Answer Stats
Hint Answer % Correct
Its Gulf Gulf of Mexico
100%
Biggest City Mexico
100%
What its name got changed to in November 22nd, 2012 Mexico
100%
Its Capital Mexico City
100%
Bordering US State New Mexico
75%
A kind of corn Mexican Corn
35%
Old spelling Mejico
25%
City in that statestarting with 'T' Texico
15%
No matching quizzes found
Score Distribution
Percent of People with Each Score
Percentile by Number Answered
Your Score History
You have not taken this quiz